| 000 | 00544nam a2200181 a 4500 | ||
|---|---|---|---|
| 001 | 5192 | ||
| 003 | CDMR | ||
| 005 | 20131014171743.0 | ||
| 008 | 130130s1961||||||||||||||||||||||||||||d | ||
| 040 |
_aCDMR _bcat _cCDMR |
||
| 245 | 0 | 0 | _aMadrid en sus diarios |
| 260 |
_aMadrid _c1961-1972 _bInstituto de Estudios Madrileños |
||
| 300 | _a5 v. | ||
| 505 | _aConté: 1.- años 1830-1844 ; 2.- 1845-1859 ; 3.- 1860-1875 ; 4.- 1876-1890 ; 5.- 1891-1899 | ||
| 650 | 0 | 4 |
_9468 _aDiaris _zEspanya |
| 650 | 0 | 4 |
_91617 _aPremsa _zMadrid _yS. XIX |
| 942 |
_cMON _2udc |
||
| 999 |
_c5192 _d5192 |
||